Every professional football team Germany 25/26 - Statistics

General Stats
  • This quiz has been taken 13 times
    4 since last reset
  • The average score is 39 of 56
Answer Stats
Hint Answer % Correct
BW 1. FC Heidenheim
100%
NW 1. FC Köln
100%
BY 1. FC Nürnberg
100%
—— 1. FC Union Berlin
100%
RP 1. FSV Mainz
100%
NW Bayer Leverkusen
100%
BY Bayern München
100%
NW Borussia Dortmund
100%
SN Dynamo Dresden
100%
HE Eintracht Frankfurt
100%
—— FC St Pauli
100%
NI Hannover 96
100%
NW Rot-Weiss Essen
100%
BW SC Freiburg
100%
BW VfB Stuttgart
100%
NI VfL Wolfsburg
100%
SL 1. FC Saarbrücken
75%
NW Alemannia Aachen
75%
NW Borussia Mönchengladbach
75%
NI Eintracht Braunschweig
75%
BY FC Augsburg
75%
NW FC Schalke 04
75%
NW Fortuna Düsseldorf
75%
—— Hamburger SV
75%
MV Hansa Rostock
75%
—— Hertha BSC
75%
SH Holstein Kiel
75%
BW Karlsruher SC
75%
NW MSV Duisburg
75%
NW Preußen Münster
75%
SN RB Leipzig
75%
NW SC Paderborn
75%
BY SpVgg Greuther Fürth
75%
BW SSV Ulm
75%
SL SV 07 Elversberg
75%
—— SV Werder Bremen
75%
NW VfL Bochum
75%
RP 1. FC Kaiserslautern
50%
ST 1. FC Magdeburg
50%
BY 1. FC Schweinfurt 05
50%
NW Arminia Bielefeld
50%
BB Energie Cottbus
50%
BY FC Ingolstadt 04
50%
BY Jahn Regensburg
50%
HE SV Darmstadt 98
50%
BW TSG Hoffenheim
50%
BY TSV 1860 München
50%
NI VfL Osnabrück
50%
BW SV Waldhof Mannheim
25%
HE SV Wehen Wiesbaden
25%
BW TSG Hoffenheim II
25%
NI TSV Havelse
25%
BW VfB Stuttgart II
25%
NW Viktoria Köln
25%
SN Erzgebirge Aue
0%
NW SC Verl
0%
No matching quizzes found
Score Distribution
Percent of People with Each Score
Percentile by Number Answered
Your Score History
You have not taken this quiz since the last reset